000 01759nam a2200385 i 4500
001 768714001
003 CO-MdFUSB
005 20260325130519.0
007 ta
008 241001t1993 sp ||||| |||| 001 0 spa d
020 _a84-301-1215-4
040 _bspa.
_aCO-MdFUSB
_cCO-MdFUSB
_dCO-MdFUSBC
_erda
041 _aspa
_hger
082 _223
_a233
_bP194
100 _aPannenberg, Wolfhart.
_eautor
240 _aAnthropologie in theologischer Perspektive.
245 0 _aAntropología en perspectiva teológica
_c/ Wolfhart Pannenberg ; traducido por Miguel García-Baró
264 1 _aSalamanca, España :
_bSígueme,
_c[1993]
264 4 _c©1993
300 _a709 páginas
_c; 22 cm
336 _2rdacontent
_atexto
_btxt
337 _2rdamedia
_asin mediación
_bn
338 _2rdacarrier
_avolumen
_bnc
490 _aVerdad e imagen,
500 _aIncluye índice de citas bíblicas, índice de autores, índice analítico e índice general.
505 _aEl hombre en la naturaleza y la naturaleza del hombre. -- El lugar señero del hombre. -- Apertura al mundo e imagen de Dios. -- Centralidad y pecado. -- El hombre como ser social. -- Subjetividad y sociedad. -- La problemática de la identidad. -- Identidad y no-identidad como temas de la vida afectiva. -- El mundo común. -- Los fundamentos de la cultura. -- El sentido cultural de las instituciones sociales. -- El hombre y la historia.
563 _aPasta dura
650 7 _aAntropología bíblica
_2embne
_96715
653 _aAntropología cristiana
653 _aHombre — Teología cristiana
653 _aNaturaleza humana — Cristianismo
700 _aGarcía-Baró, Miguel,
_d1953-
_910819
_etraductor
942 _cBK
945 _aCatherine Arias Alvarez
999 _c71003
_d71003